Score 0/24 Timer 04:00
0 Plays Today
% Correct
FOREGOFER
72.8%
FASTSTAFF
70.9%
FASTSHAFT
69.9%
FONTFRONT
68.5%
FINEKNIFE
64.5%
FONTFUTON
60.4%
FELTLEFTY
57.6%
FELTCLEFT
56%
FAILFINAL
51.6%
FOREOFFER
49.4%
FOREFROZE
48.1%
FEUDFUDGE
47.8%
% Correct
FAILFLAIL
47%
FASTFACTS
43.5%
FEUDFUMED
42.4%
FELTFLUTE
35.5%
FAILPILAF
32.7%
FATEFACET
31%
FATEAFTER
29.3%
FATEFETAL
24.6%
FINEFEIGN
22.5%
FINEFEINT
21.8%
FEUDUNFED
21.8%
FONTOFTEN
14.7%
Remove Ads.
Support Sporcle.
Get the best of Sporcle when you Go Orange. This ad-free experience offers more features, more stats, and more fun while also helping to support Sporcle. Thank you for becoming a member.

You're not logged in!

Compare scores with friends on all Sporcle quizzes.
OR
Log In

Show Comments

Extras

Top Quizzes Today


Score Distribution

Your Account Isn't Verified!

In order to create a playlist on Sporcle, you need to verify the email address you used during registration. Go to your Sporcle Settings to finish the process.

Report this User

Report this user for behavior that violates our Community Guidelines.

Details: